[Event "Chigorin Memorial 28th"]
[Site "St Petersburg"]
[Date "2021.10.30"]
[Round "8"]
[White "Valiyev, Shahin"]
[Black "Tunik, Sergey"]
[Result "1/2-1/2"]
[WhiteElo "1944"]
[BlackElo "2141"]
[PlyCount "72"]
[EventDate "2021.10.23"]
[EventType "swiss"]
[EventRounds "9"]
[EventCountry "RUS"]
[SourceTitle "EXT 2023"]
[Source "ChessBase"]
[SourceDate "2022.10.05"]
[SourceVersion "1"]
[SourceVersionDate "2022.10.05"]
[SourceQuality "1"]

1. e4 e6 2. d4 d5 3. Nd2 c5 4. Ngf3 a6 5. exd5 exd5 6. dxc5 Bxc5 7. Nb3 Be7 8. Bd3 Bg4 9. 0-0 Nf6 10. Re1 Nc6 11. c3 0-0 12. Bc2 Re8 13. Bg5 Qd6 14. Bxf6 Bxf6 15. Qd3 g6 16. Nbd4 Na5 17. h3 Bd7 18. Bb3 Rac8 19. Rxe8+ Bxe8 20. Nc2 Nxb3 21. axb3 Bb5 22. Qd2 Re8 23. Ne3 Bc6 24. Rd1 Rd8 25. Nc2 Kg7 26. Nfd4 Re8 27. Qd3 Qf4 28. Nb4 Bxd4 29. Qxd4+ Qxd4 30. Rxd4 Re2 31. Nxc6 bxc6 32. Ra4 Rxb2 33. Rxa6 Rxb3 34. Rxc6 Rb2 35. Rd6 Rc2 36. Rxd5 Rxc3 1/2-1/2

[Event "Chigorin Memorial 28th"]
[Site "St Petersburg"]
[Date "2021.10.29"]
[Round "7"]
[White "Tunik, Sergey"]
[Black "Khanin, Semen"]
[Result "0-1"]
[WhiteElo "2141"]
[BlackElo "2521"]
[PlyCount "114"]
[EventDate "2021.10.23"]
[EventType "swiss"]
[EventRounds "9"]
[EventCountry "RUS"]
[SourceTitle "EXT 2023"]
[Source "ChessBase"]
[SourceDate "2022.10.05"]
[SourceVersion "1"]
[SourceVersionDate "2022.10.05"]
[SourceQuality "1"]

1. d4 Nf6 2. Bf4 g6 3. e3 Bg7 4. Nf3 d6 5. h3 0-0 6. Be2 b6 7. 0-0 Bb7 8. c4 Ne4 9. Nbd2 Nxd2 10. Qxd2 Nd7 11. Qc2 e5 12. Bh2 Qe7 13. d5 a5 14. Rad1 f5 15. b3 h5 16. a3 g5 17. g4 hxg4 18. hxg4 fxg4 19. Nd2 Nf6 20. Qg6 e4 21. a4 Bc8 22. Kg2 Qe8 23. Qxe8 Rxe8 24. Nb1 Re7 25. Na3 Bf5 26. Nb5 Kf7 27. Rh1 Kg6 28. Bg3 Rc8 29. Rd2 Nd7 30. Nd4 Nc5 31. Rb1 Rh8 32. Rdd1 Bf6 33. Nxf5 Kxf5 34. Rh1 Rh4 35. Bxh4 gxh4 36. Rhg1 Rg7 37. Kh1 Bc3 38. Rg2 Nd3 39. Rbg1 h3 40. Rg3 Be5 41. Kh2 Bxg3+ 42. Kxg3 Ne5 43. Rd1 Rh7 44. Rh1 Kg5 45. Rh2 Rh4 46. Bd1 Nd7 47. Rh1 Nf6 48. Bc2 Rh8 49. Rg1 Rf8 50. Rf1 Nh5+ 51. Kh2 Kf5 52. f3 Kg5 53. Bxe4 Kh4 54. Rd1 g3+ 55. Kg1 g2 56. Kf2 Ng3 57. Rd4 Nh1+ 0-1

[Event "Khanty-Mansiysk Governor Cup 16th"]
[Site "Khanty-Mansiysk"]
[Date "2020.12.06"]
[Round "7"]
[White "Zvereva, Margarita"]
[Black "Tunik, Sergey"]
[Result "0-1"]
[WhiteElo "1937"]
[BlackElo "2128"]
[PlyCount "98"]
[EventDate "2020.11.30"]
[EventType "swiss"]
[EventRounds "9"]
[EventCountry "RUS"]
[SourceTitle "CBM 199 Extra"]
[Source "ChessBase"]
[SourceDate "2021.01.31"]
[SourceVersion "1"]
[SourceVersionDate "2021.01.31"]
[SourceQuality "1"]

1. e4 d5 2. exd5 Qxd5 3. Nc3 Qa5 4. d4 Nf6 5. Nf3 Bf5 6. Bd2 c6 7. Bc4 e6 8. Nd5 Qd8 9. Nxf6+ gxf6 10. 0-0 Bg7 11. Re1 0-0 12. c3 Re8 13. Nh4 Bg6 14. Nxg6 hxg6 15. Qg4 Nd7 16. h4 f5 17. Qg3 Nf6 18. Bg5 Nh5 19. Qe3 Bf6 20. g4 fxg4 21. Be2 Kg7 22. Bxg4 Rh8 23. Kg2 Qd5+ 24. Bf3 Qf5 25. Bxf6+ Nxf6 26. Rh1 Nd5 27. Bxd5 Qxd5+ 28. Qf3 Rh5 29. Qxd5 Rxd5 30. Kf3 Rh8 31. Kg4 Kf6 32. f4 Rhd8 33. Rh2 c5 34. dxc5 Rxc5 35. Re1 Rd3 36. Rhe2 Rcd5 37. a3 Rb5 38. Rg1 Rbd5 39. Rgg2 b5 40. Rgf2 a6 41. Rg2 a5 42. Rgf2 a4 43. Rg2 Ke7 44. Rg3 Kd6 45. Rxd3 Rxd3 46. h5 gxh5+ 47. Kxh5 Rd5+ 48. Kg4 Kc5 49. Re4 f5+ 0-1

[Event "Khanty-Mansiysk Governor Cup 16th"]
[Site "Khanty-Mansiysk"]
[Date "2020.12.05"]
[Round "6"]
[White "Tunik, Sergey"]
[Black "Rozum, Ivan"]
[Result "0-1"]
[WhiteElo "2128"]
[BlackElo "2563"]
[PlyCount "112"]
[EventDate "2020.11.30"]
[EventType "swiss"]
[EventRounds "9"]
[EventCountry "RUS"]
[SourceTitle "CBM 199 Extra"]
[Source "ChessBase"]
[SourceDate "2021.01.31"]
[SourceVersion "1"]
[SourceVersionDate "2021.01.31"]
[SourceQuality "1"]

1. e4 c6 2. d3 d5 3. Nd2 e5 4. Ngf3 Bd6 5. d4 exd4 6. exd5 cxd5 7. Nxd4 Nc6 8. N2f3 Nf6 9. Be2 0-0 10. 0-0 h6 11. b3 Ne5 12. Re1 a6 13. Bb2 Re8 14. Nxe5 Bxe5 15. Bf3 Qc7 16. g3 Bh3 17. Qd3 Qd7 18. Re3 Ng4 19. Bxg4 Bxg4 20. f3 Bh5 21. Rae1 Bf6 22. Rxe8+ Rxe8 23. Rxe8+ Qxe8 24. Kf2 Bg6 25. Qd2 Qc8 26. c3 h5 27. Qe1 h4 28. Bc1 Qh3 29. Qg1 Bxd4+ 30. cxd4 Qf5 31. Qe1 Bh5 32. Bf4 g5 33. Qe5 Qc2+ 34. Ke1 gxf4 35. Qxh5 Qb1+ 36. Kf2 hxg3+ 37. hxg3 Qxa2+ 38. Kg1 Qb1+ 39. Kg2 Qc2+ 40. Kg1 Qd1+ 41. Kg2 Qd2+ 42. Kf1 fxg3 43. Qg4+ Kf8 44. Qc8+ Kg7 45. Qg4+ Kf6 46. Qh4+ Ke6 47. Qg4+ Ke7 48. Qh4+ Ke8 49. Qh8+ Kd7 50. Qh3+ Kd8 51. Qh4+ Kd7 52. Qh3+ Ke7 53. Qh4+ f6 54. Qxg3 Qc1+ 55. Ke2 Qb2+ 56. Ke1 Qxd4 0-1

[Event "Moscow-ch final"]
[Site "Moscow"]
[Date "2020.09.17"]
[Round "5"]
[White "Tunik, Sergey"]
[Black "Uskov, Artem"]
[Result "1/2-1/2"]
[WhiteElo "2160"]
[BlackElo "2164"]
[PlyCount "94"]
[EventDate "2020.09.13"]
[EventType "swiss"]
[EventRounds "9"]
[EventCountry "RUS"]
[SourceTitle "CBM 198 Extra"]
[Source "ChessBase"]
[SourceDate "2020.11.30"]
[SourceVersion "1"]
[SourceVersionDate "2020.11.30"]
[SourceQuality "1"]

1. d4 d5 2. c4 e6 3. Nc3 Nf6 4. Bg5 Be7 5. e3 0-0 6. cxd5 exd5 7. Bd3 c6 8. Qc2 Nbd7 9. Nf3 Re8 10. h3 Nf8 11. 0-0-0 Ne4 12. Bxe7 Qxe7 13. Bxe4 dxe4 14. Nd2 f5 15. Kb1 Be6 16. Ne2 Ng6 17. Rhg1 Qf7 18. a3 Bd5 19. Rdf1 f4 20. h4 f3 21. gxf3 exf3 22. Nc3 Nxh4 23. Rh1 Ng6 24. Rh3 Be6 25. Rxf3 Qd7 26. Rg3 Rf8 27. Nde4 Bf5 28. f3 Rae8 29. Ka1 Nh4 30. Rh1 Qe7 31. Qb3+ Be6 32. d5 cxd5 33. Nxd5 Qf7 34. Ndf6+ Kh8 35. Rxh4 gxf6 36. Qd1 Rd8 37. Qh1 Bf5 38. Rg1 Rd3 39. Rf4 Bxe4 40. Rxe4 Rfd8 41. Rc1 a5 42. Qe1 b6 43. Rd4 R3xd4 44. exd4 Qd7 45. Rd1 Re8 46. Qh4 Qf5 47. d5 Qxf3 1/2-1/2

[Event "Moscow-ch final"]
[Site "Moscow"]
[Date "2020.09.13"]
[Round "1"]
[White "Tunik, Sergey"]
[Black "Antipov, Mikhail Al"]
[Result "0-1"]
[WhiteElo "2160"]
[BlackElo "2584"]
[PlyCount "50"]
[EventDate "2020.09.13"]
[EventType "swiss"]
[EventRounds "9"]
[EventCountry "RUS"]
[SourceTitle "CBM 198 Extra"]
[Source "ChessBase"]
[SourceDate "2020.11.30"]
[SourceVersion "1"]
[SourceVersionDate "2020.11.30"]
[SourceQuality "1"]

1. d4 Nf6 2. c4 g6 3. Nc3 d5 4. Bf4 Bg7 5. e3 c5 6. Bxb8 Rxb8 7. cxd5 0-0 8. dxc5 Qa5 9. Bc4 Ne4 10. Kf1 Qxc5 11. Bb3 Nxc3 12. bxc3 Qxc3 13. Rc1 Qb4 14. Rc4 Qd6 15. h4 Bd7 16. Ne2 h5 17. g4 Bxg4 18. Rxg4 hxg4 19. Ng3 f5 20. h5 Be5 21. hxg6 Bxg3 22. fxg3 Kg7 23. Kg2 Qe5 24. Bc2 Rh8 25. Re1 Rbc8 0-1

[Event "Samara Polugaevsky Memorial 9th"]
[Site "Samara"]
[Date "2019.07.11"]
[Round "2"]
[White "Utegaliev, Azamat"]
[Black "Tunik, Sergey"]
[Result "1/2-1/2"]
[WhiteElo "2510"]
[BlackElo "2166"]
[PlyCount "128"]
[EventDate "2019.07.10"]
[EventType "swiss"]
[EventRounds "9"]
[EventCountry "RUS"]
[SourceTitle "EXT 2020"]
[Source "ChessBase"]
[SourceDate "2019.10.17"]
[SourceVersion "1"]
[SourceVersionDate "2019.10.17"]
[SourceQuality "1"]

1. c4 c6 2. Nf3 d5 3. g3 dxc4 4. Bg2 Nd7 5. 0-0 Ngf6 6. Qc2 Nb6 7. a4 a5 8. b3 cxb3 9. Qxb3 e6 10. d3 Nbd5 11. Nbd2 Be7 12. Nc4 0-0 13. Rb1 b5 14. Nce5 bxa4 15. Qc2 Bd7 16. Ra1 Qb6 17. Rxa4 Rfb8 18. Bd2 Bb4 19. Rfa1 c5 20. R4a2 Bb5 21. Nc4 Bxc4 22. Qxc4 h6 23. h3 Nd7 24. Qc1 Qb5 25. Nh2 Rc8 26. Qc4 Qc6 27. Nf1 Ne5 28. Qc2 c4 29. d4 Nd7 30. e4 N5b6 31. Ne3 c3 32. Bc1 Rab8 33. e5 Nd5 34. Nxd5 exd5 35. f4 Nb6 36. f5 Nc4 37. Bf4 Nd2 38. Re1 Qc4 39. e6 f6 40. e7 Qxd4+ 41. Be3 Qc4 42. Bf4 Bxe7 43. Rxe7 Rb1+ 44. Kh2 Nf1+ 45. Bxf1 Qxf1 46. Qg2 c2 47. h4 Qxg2+ 48. Kxg2 c1Q 49. Bxc1 Rcxc1 50. Rxa5 Rb2+ 51. Kf3 h5 52. Ra8+ Kh7 53. Raa7 Rc3+ 54. Re3 d4 55. Rxc3 dxc3 56. Rc7 Rc2 57. Rc8 Rc1 58. Kg2 g5 59. hxg5 fxg5 60. Rc7+ Kh6 61. f6 Kg6 62. f7 Kg7 63. Kh2 h4 64. gxh4 gxh4 1/2-1/2

[Event "Moscow-ch final"]
[Site "Moscow"]
[Date "2019.04.02"]
[Round "4"]
[White "Tunik, Sergey"]
[Black "Muraseev, Vasilii"]
[Result "1-0"]
[WhiteElo "2167"]
[BlackElo "1444"]
[PlyCount "89"]
[EventDate "2019.03.30"]
[EventType "swiss"]
[EventRounds "9"]
[EventCountry "RUS"]
[SourceTitle "CBM 189 Extra"]
[Source "ChessBase"]
[SourceDate "2019.06.03"]
[SourceVersion "1"]
[SourceVersionDate "2019.06.03"]
[SourceQuality "1"]

1. e4 c6 2. Nf3 d5 3. Nc3 Bg4 4. h3 Bxf3 5. Qxf3 dxe4 6. Nxe4 Nd7 7. Qb3 Nb6 8. Be2 e6 9. d3 Be7 10. a4 Qc7 11. Bd2 Nf6 12. 0-0 0-0 13. Bf3 Nxe4 14. dxe4 Nd7 15. Be3 Nc5 16. Qc4 Nd7 17. Be2 Bf6 18. c3 b6 19. Rfd1 Rfd8 20. Qa6 h6 21. g3 Be7 22. b4 c5 23. a5 cxb4 24. axb6 axb6 25. Qxa8 Rxa8 26. Rxa8+ Kh7 27. cxb4 Bxb4 28. Bf4 e5 29. Bg4 Nf6 30. Rc8 Qe7 31. Be3 Nxg4 32. hxg4 Qe6 33. Rdc1 Qxg4 34. Bxb6 Qxe4 35. R8c4 Qd3 36. Rxb4 Qd2 37. Rcb1 f5 38. Be3 Qd6 39. Rc4 Qg6 40. Rb6 Qh5 41. g4 fxg4 42. Rc7 Kg8 43. Bxh6 Qe8 44. Rxg7+ Kh8 45. Rbb7 1-0

[Event "Irkutsk-ch"]
[Site "Irkutsk"]
[Date "2014.02.23"]
[Round "8"]
[White "Ergeshov, Timur"]
[Black "Tunik, Sergey"]
[Result "0-1"]
[WhiteElo "1906"]
[BlackElo "2171"]
[PlyCount "46"]
[EventDate "2014.02.02"]
[EventType "swiss"]
[EventRounds "9"]
[EventCountry "RUS"]
[SourceTitle "CBM 159 Extra"]
[Source "ChessBase"]
[SourceDate "2014.04.24"]
[SourceVersion "1"]
[SourceVersionDate "2014.04.24"]
[SourceQuality "1"]

1. d4 d5 2. c4 c6 3. cxd5 cxd5 4. Nc3 Nf6 5. Bf4 Nc6 6. e3 a6 7. Bd3 Bg4 8. f3 Bh5 9. Nge2 e6 10. 0-0 Bg6 11. Bxg6 hxg6 12. e4 Be7 13. e5 Nd7 14. Bg3 Rc8 15. Qd2 Nb6 16. Nc1 Nc4 17. Qd1 Nxd4 18. Bf2 Nc6 19. f4 Nxb2 20. Qb3 Nc4 21. Qxb7 Nb4 22. N1e2 Rc7 23. Bb6 Nxb6 0-1

[Event "Buryatia-ch Superfinal 2nd"]
[Site "Ulan-Ude"]
[Date "2014.01.09"]
[Round "7"]
[White "Obolenskikh, Dmitry Aleksandrovi"]
[Black "Tunik, Sergey"]
[Result "1-0"]
[WhiteElo "2501"]
[BlackElo "2132"]
[PlyCount "45"]
[EventDate "2014.01.05"]
[EventType "swiss"]
[EventRounds "9"]
[EventCountry "RUS"]
[SourceTitle "EXT 2015"]
[Source "ChessBase"]
[SourceDate "2014.11.20"]
[SourceVersion "1"]
[SourceVersionDate "2014.11.20"]
[SourceQuality "1"]

1. Nf3 d5 2. d3 Nf6 3. Bg5 Bf5 4. Bxf6 exf6 5. c3 c6 6. e3 Be7 7. d4 0-0 8. Bd3 Bg6 9. Qc2 Qb6 10. Bxg6 hxg6 11. Nbd2 f5 12. h3 Nd7 13. g4 Nf6 14. Ne5 Rad8 15. 0-0-0 Ne4 16. f3 Ng3 17. Rh2 Qa6 18. Kb1 Bg5 19. Rg2 f4 20. h4 Bxh4 21. exf4 Ne2 22. Nd3 Rfe8 23. Nf1 1-0

[Event "Buryatia-ch Superfinal 2nd"]
[Site "Ulan-Ude"]
[Date "2014.01.08"]
[Round "6"]
[White "Tugarin, Anton"]
[Black "Tunik, Sergey"]
[Result "1/2-1/2"]
[WhiteElo "2187"]
[BlackElo "2132"]
[PlyCount "89"]
[EventDate "2014.01.05"]
[EventType "swiss"]
[EventRounds "9"]
[EventCountry "RUS"]
[SourceTitle "EXT 2015"]
[Source "ChessBase"]
[SourceDate "2014.11.20"]
[SourceVersion "1"]
[SourceVersionDate "2014.11.20"]
[SourceQuality "1"]

1. d4 d5 2. c4 e6 3. Nf3 Nf6 4. g3 dxc4 5. Bg2 c5 6. 0-0 Nc6 7. Qa4 Bd7 8. Qxc4 b5 9. Qd3 Rc8 10. Nc3 cxd4 11. Nxd4 Nxd4 12. Qxd4 Bc5 13. Qd3 b4 14. Ne4 Nxe4 15. Bxe4 Bc6 16. Bxh7 Qxd3 17. Bxd3 Ke7 18. Be3 Bxe3 19. fxe3 g5 20. Rac1 Bd5 21. a3 bxa3 22. bxa3 f5 23. g4 fxg4 24. e4 Ba8 25. Kg2 Kd6 26. Rxc8 Rxc8 27. Rb1 Rc3 28. a4 Bc6 29. Kf2 Ra3 30. Rg1 Rxa4 31. Rxg4 Ra5 32. Ke1 Rc5 33. Kd2 a5 34. Bc2 Kc7 35. Bb3 Kd6 36. Bc2 Re5 37. Kc3 Bb5 38. Bd3 Rc5+ 39. Kb3 Bd7 40. Ka3 Be8 41. h4 gxh4 42. Rxh4 Bb5 43. Kb3 Ke5 44. Rh5+ Kd6 45. Rh8 1/2-1/2

[Event "Buryatia-ch Superfinal 2nd"]
[Site "Ulan-Ude"]
[Date "2014.01.08"]
[Round "5"]
[White "Tunik, Sergey"]
[Black "Batchimeg, Tuvshintugs"]
[Result "1-0"]
[WhiteElo "2132"]
[BlackElo "2357"]
[PlyCount "169"]
[EventDate "2014.01.05"]
[EventType "swiss"]
[EventRounds "9"]
[EventCountry "RUS"]
[SourceTitle "EXT 2015"]
[Source "ChessBase"]
[SourceDate "2014.11.20"]
[SourceVersion "1"]
[SourceVersionDate "2014.11.20"]
[SourceQuality "1"]

1. d4 d5 2. c4 e5 3. e3 exd4 4. exd4 Nf6 5. Nf3 Be7 6. c5 b6 7. cxb6 axb6 8. Be2 0-0 9. 0-0 c5 10. b3 Ne4 11. Bb2 Bf6 12. Na3 Nc6 13. Nc2 Qc7 14. a4 Rd8 15. Ne3 Be6 16. Rc1 Qf4 17. g3 Qb8 18. Bb5 Qb7 19. Ne5 Bxe5 20. dxe5 d4 21. Nc4 Bxc4 22. Bxc6 Qxc6 23. Rxc4 Ng5 24. f3 b5 25. axb5 Qxb5 26. f4 Nh3+ 27. Kg2 Ra2 28. Qc2 d3 29. Qc3 Qd7 30. e6 fxe6 31. Kxh3 e5+ 32. f5 d2 33. Rd1 Qxf5+ 34. Kg2 Rd3 35. Qxe5 Qxe5 36. Bxe5 Re3 37. Bd6 Re1 38. Rf4 g5 39. Rf1 Rc2 40. Kf2 Re6 41. Bc7 Ra2 42. g4 Kg7 43. Kg2 Re3 44. Bd6 Rc2 45. Rf2 Rd3 46. Bc7 c4 47. bxc4 Rxc4 48. Be5+ Kg8 49. Rdxd2 Rxg4+ 50. Kf1 Rxd2 51. Rxd2 Re4 52. Bf6 h6 53. Kg2 Rg4+ 54. Kf1 Kf7 55. Bd4 Kg6 56. Be3 Re4 57. Kf2 Re6 58. Rd4 Kf5 59. Kf3 Ra6 60. Rd5+ Kg6 61. Rb5 Ra3 62. Rd5 Ra2 63. Bf2 Ra3+ 64. Ke4 Ra4+ 65. Bd4 Kh5 66. Rd6 Rb4 67. Kf5 Rb5+ 68. Be5 Ra5 69. Rd4 Ra2 70. Kf6 Ra6+ 71. Bd6 Rb6 72. Kf7 Rb7+ 73. Kf6 Rb6 74. Kg7 Rb7+ 75. Kg8 Rd7 76. Kf8 Ra7 77. Be5 Ra8+ 78. Kg7 Ra7+ 79. Kg8 Kg6 80. Rd6+ Kf5 81. Bd4 Ra4 82. Kg7 h5 83. Kh6 Ra2 84. Rf6+ Ke4 85. Bf2 1-0

[Event "Buryatia-ch Superfinal 2nd"]
[Site "Ulan-Ude"]
[Date "2014.01.05"]
[Round "1"]
[White "Shomoev, Anton"]
[Black "Tunik, Sergey"]
[Result "1/2-1/2"]
[WhiteElo "2560"]
[BlackElo "2132"]
[PlyCount "125"]
[EventDate "2014.01.05"]
[EventType "swiss"]
[EventRounds "9"]
[EventCountry "RUS"]
[SourceTitle "EXT 2015"]
[Source "ChessBase"]
[SourceDate "2014.11.20"]
[SourceVersion "1"]
[SourceVersionDate "2014.11.20"]
[SourceQuality "1"]

1. e4 e6 2. d4 d5 3. Nc3 Bb4 4. a3 Bxc3+ 5. bxc3 dxe4 6. Qg4 Nf6 7. Qxg7 Rg8 8. Qh6 Nbd7 9. Ne2 b6 10. Ng3 Bb7 11. a4 c5 12. Bb5 Rg6 13. Qf4 a6 14. Be2 Rc8 15. dxc5 Rxc5 16. c4 Ne5 17. Be3 Qc7 18. a5 Nxc4 19. Qxc7 Rxc7 20. axb6 Nxe3 21. bxc7 Nxc2+ 22. Kd2 Nxa1 23. Rb1 Bc8 24. Rxa1 Kd7 25. Bxa6 Bxa6 26. Rxa6 Ne8 27. Ra8 Nxc7 28. Rh8 Rh6 29. Nxe4 Rxh2 30. g4 Nd5 31. g5 Ke7 32. Ke1 f5 33. g6 Nf6 34. Ng5 Rg2 35. gxh7 Rxg5 36. Re8+ Kxe8 37. h8Q+ Kf7 38. Qb8 f4 39. Qxf4 Rf5 40. Qd4 Nd5 41. Qh4 Nf6 42. Qh2 Nh5 43. Kf1 Ng7 44. Qb8 Rd5 45. Kg2 Rf5 46. Kg3 Rd5 47. Kg4 Rf5 48. Kh3 Rd5 49. Kg2 Rf5 50. Kf1 Rd5 51. Qc7+ Kg8 52. Qe7 Rf5 53. Ke2 Rd5 54. Qf6 Rf5 55. Qg6 Rd5 56. Kf3 Rf5+ 57. Ke3 Rd5 58. Ke4 Rf5 59. Qg3 Rd5 60. Qb8+ Kh7 61. Qb7 Rf5 62. Qe7 Rd5 63. Qa7 1/2-1/2

[Event "Irkutsk Ermolaev Memorial 7th"]
[Site "Irkutsk"]
[Date "2013.08.06"]
[Round "4"]
[White "Bychkov, Vladimir"]
[Black "Tunik, Sergey"]
[Result "1/2-1/2"]
[WhiteElo "1959"]
[BlackElo "2140"]
[PlyCount "60"]
[EventDate "2013.08.02"]
[EventType "swiss"]
[EventRounds "9"]
[EventCountry "RUS"]
[SourceTitle "CBM 155 Extra"]
[Source "ChessBase"]
[SourceDate "2013.08.26"]
[SourceVersion "1"]
[SourceVersionDate "2013.08.26"]
[SourceQuality "1"]

1. e4 e6 2. d4 d5 3. exd5 exd5 4. Bd3 Nc6 5. c3 Bd6 6. Ne2 Qf6 7. Be3 Nge7 8. Nd2 Bf5 9. Nf3 Bxd3 10. Qxd3 Qg6 11. Qxg6 Nxg6 12. Kd2 f6 13. Ng3 h5 14. Nf5 Kd7 15. h3 Nce7 16. g4 Rh7 17. Ng3 Bxg3 18. fxg3 hxg4 19. hxg4 Rah8 20. Rxh7 Rxh7 21. Ke2 Nh8 22. g5 f5 23. Bf4 Nf7 24. Re1 Ng6 25. Ke3 Rh8 26. b3 Nd8 27. Kf2 Ne6 28. Ne5+ Nxe5 29. Rxe5 c6 30. Rxf5 Rf8 1/2-1/2